000
00297nam a2200121Ia 4500
005
20251222154351.0
008
251222s9999||||xx |||||||||||||| ||spa||
020
_a
84-209-9812-1
082
_a
709/B71
100
_a
"Boisselier, Jean"
245
0
_a
Historia de las formas artÃsticas
942
_c
LIB
999
_c
34916
_d
34916